000 00698cam a22001814a 4500
005 20250605164143.0
008 250528s ||||||||||||||||||||||||d
035 _a19065
040 _aGR-AtMCL
_bgre
_dGR-AtMCL
_eAACR2
245 1 _aΣτατιστική Εφαρμοσμένη στις Επιστήμες της Συμπεριφοράς / Ασκήσεις Περιγραφικής Στατιστικής.
_nΤόμος Γ'
260 _bΑθήνα,
_c1991
300 _a208
520 _aΒιβλίο Ασκήσεων Περιγραφικής Στατιστικής.
700 1 _aΠαρασκευοπουλος Ιωαννης Ν
_92858
942 _cBK
999 _c4348
_d4348